Normal view
MARC view
- Haiqa Munir
Entry Personal Name
001 - CONTROL NUMBER
- control field: 98366
003 - CONTROL NUMBER IDENTIFIER
- control field: NUST
005 - DATE AND TIME OF LATEST TRANSACTION
- control field: 20220823160242.0
008 - FIXED-LENGTH DATA ELEMENTS
- fixed length control field: 220823|| aca||aabn | a|a d
040 ## - CATALOGING SOURCE
- Original cataloging agency: NUST
- Transcribing agency: NUST
100 ## - HEADING--PERSONAL NAME
- Personal name: Haiqa Munir
670 ## - SOURCE DATA FOUND
- Source citation: Work cat.: (NUST): Haiqa Munir, TH-SOF-2030-Impact of High-performance Work Systems on Employees’ Behavior with Protean Career Orientation as a Mediator, 2022.
